Star Wars: Episode III Revenge of the Quiz - Statistics

General Stats
  • This quiz has been taken 2,331 times
    2,294 since last reset
  • The average score is 14 of 30
Answer Stats
Hint Answer % Correct
What does General Grievous collect? Lightsabers
92%
How many of Anakin's limbs does Obi-Wan cut off? 3
84%
Which Skywalker twin is born first? Luke
78%
In what year was the film released? 2005
74%
What is being constructed at the end of the film? The Death Star
73%
Who stows away on Padmé's ship? Obi-Wan Kenobi
72%
What does Obi-Wan use to kill Grievous? A Blaster
69%
Yoda has good relations with which species? The Wookiees
69%
To whom does Palpatine first give Order 66? Commander Cody
68%
How many times has Anakin saved Obi-Wan's skin? 9
67%
Where does Yoda battle Palpatine? The Senate Rotunda
67%
How many years before A New Hope is this film set? 19
64%
Palpatine tells Anakin the tragedy of which Sith Lord? Darth Plagueis
62%
Which Jedi is flying a starfighter during Order 66? Plo Koon
62%
Which Jedi is killed by Grievous in a deleted scene? Shaak Ti
52%
How does Padmé say liberty dies? With thunderous applause
42%
Who dies on Polis Massa? Padmé
38%
Who makes a cameo outside the Coruscant opera? George Lucas
35%
Which Rebel Alliance leader appears as a senator? (Scenes deleted) Mon Mothma
35%
What destroys R4-P17 during the battle of Coruscant? A Buzz droid
34%
On which planet is Aayla Secura killed? Felucia
34%
Who are executed on Mustafar? The Separatist Council
32%
What do Padmé and others want Palpatine to give up? Emergency powers
31%
Which actor portrayed Palpatine in both trilogies? Ian McDiarmid
28%
Who is the leader of the Wookiees? Tarfful
23%
Which Jedi does Palpatine kill first? Agen Kolar
19%
The name of which planet was originally a name both for Tatooine and Naboo Utapau
16%
What is the name of Obi-Wan's steed? Boga
11%
Who provided the voice of General Grievous? Matthew Wood
8%
What is the occupation of the Polis Massans? Archaeologists
1%
No matching quizzes found
Score Distribution
Percent of People with Each Score
Percentile by Number Answered
Your Score History
You have not taken this quiz since the last reset